| 000 | 01977nam a2200265 4500 | ||
|---|---|---|---|
| 005 | 20160801083422.0 | ||
| 008 | 160801s1895 en |||fr|||| 001 0 eng d | ||
| 040 | 0 |
_aCO-BoUCM _bspa _cSandra Yazo _dSandra Yazo |
|
| 041 | 0 | _aeng | |
| 082 | 0 | 4 |
_220 _a201 |
| 092 | _aE40N111 | ||
| 100 | 1 |
_aBalfour, Arthur James _d1848-1930 _978414 |
|
| 242 | 0 | 4 |
_aLos fundamentos de la creencia _bIniciando con notas introductorias para el estudio de la teología _cpor Arthur James Balfour _yspa |
| 245 | 1 | 4 |
_aThe foundations of belief _bbeing notes introductory to the study of theology _cby ... Arthur James Balfour |
| 260 |
_aLondon [Londres] (Inglaterra) _bLongmans, Green and Co. _c1895 |
||
| 300 |
_aviii, 356, 24 páginas _c23 x 15 cm |
||
| 500 | _aDetalles físicos: Encuadernación rígida en cartón forrado en tela, lomo con adornos en dorado. Tapas y lomo con notorias raspaduras y desgaste. Guardas. Anteportada. Portada impresa en una sola tinta. Texto impreso en una sola tinta. Notas al pie de página. Signaturas. Hojas en varios tamaños, algunos bordes con abrasión | ||
| 505 | 0 | _aPreliminar ; Parte I – IV: Algunas consecuencias de la creencia: Naturalismo y ética ; Naturalismo y estética ; Naturalismo y razón ; Sumario y conclusión -- Algunas razones para la creencia: La filosofía básica del naturalismo ; Idealismo, después de algunos recientes escritos ingleses ; Filosofía y Racionalismo ; Racionalismo ortodoxo -- Algunas causas de creencia: Causas de experiencia ; Autoridad y razón -- sugerencias hacia una filosofía provisional: El trabajo preparatorio ; Creencias y fórmulas ; Creencias, fórmulas y realidades ; “Últimas ideas científicas” ; Ciencia y teología ; Sugerencias hacia una unificación provisional | |
| 506 | _aConsulta en sala | ||
| 546 | _aTexto en inglés | ||
| 650 | 7 |
_925243 _aTeología y filosofía |
|
| 650 | 7 |
_920110 _aNaturalismo |
|
| 690 |
_aTeología _925230 |
||
| 942 |
_2LOCAL _cLIBRO _e1 _hE40N111 |
||
| 999 |
_c303895 _d303895 |
||